[Event "5th Kesarovski - Georgiev Mem"]
[Site "Sunny Beach BUL"]
[Date "2006.09.05"]
[Round "4"]
[White "Ermenkov,Evgenij"]
[Black "Tomov,G"]
[Result "1-0"]
[WhiteElo "2462"]
[BlackElo "2292"]

1.c4 c6 2.e4 d5 3.exd5 cxd5 4.cxd5 Nf6 5.Nc3 Nxd5 6.Nf3 Nc6 7.Bc4 Nb6 8.Bb3 e6
9.d4 Be7 10.O-O O-O 11.a3 Bf6 12.Be3 Nd5 13.Ne4 Be7 14.Rc1 Na5 15.Ba2 Bd7
16.Nc5 Bb5 17.Re1 b6 18.Ne4 Rc8 19.Ne5 Rxc1 20.Bxc1 Qc7 21.Qg4 f5 22.Qh3 Nc4
23.Nc3 Ba6 24.Qf3 Nxe5 25.Rxe5 Bc4 26.Rxe6 Bxa2 27.Nxa2 Qc4 28.Re5 Qxa2 29.Qxd5+ Qxd5
30.Rxd5 Rc8 31.Be3 Rc2 32.Rb5 Bf6 33.g3 Kf7 34.a4 Ke6 35.Kg2 Rc4 36.a5 Bxd4
37.axb6 Bxb6 38.Bxb6 axb6 39.Rxb6+ Ke5 40.f4+ Ke4 41.Re6+ Kd3 42.Re7 Rc2+
43.Kh3 Rxb2 44.Rxg7 Ke3 45.Rxh7 Kf3 46.Ra7 Rb8 47.Ra3+ Ke4 48.Ra1 Rb2 49.Rh1 Ra2
50.Kh4 Kf3 51.Kh3 Rb2 52.Rf1+ Ke4 53.Rc1 Kf3 54.Rc3+ Ke4 55.Ra3 Rb8 56.Ra2 Kf3
57.Kh4 Rg8 58.Kh5 Rg7 59.Ra3+ Kg2 60.Kh6 Rg8 61.Kh7 Rg4 62.h4 Kh2 63.h5 Kg2
64.h6 Kh2 65.Kh8 Kg2 66.h7 Kf2 67.Rb3 Rg6 68.Rb8 Rxg3 69.Rg8 Rh3 70.Rg5  1-0

[Event "59th ch-RUS 1st League"]
[Site "Tomsk RUS"]
[Date "2006.09.05"]
[Round "3"]
[White "Maletin,P"]
[Black "Yudin,S"]
[Result "1/2-1/2"]
[WhiteElo "2543"]
[BlackElo "2475"]

1.c4 c6 2.Nf3 d5 3.g3 Nf6 4.Bg2 Bf5 5.cxd5 cxd5 6.Qb3 Qb6 7.Qxb6 axb6 8.Nc3 Nc6
9.d3 e5 10.O-O h6 11.Nb5 Kd8 12.d4 e4 13.Ne5 Be6 14.Bf4 Nd7 15.Nxc6+ bxc6
16.Nc7 Ra4 17.Nxe6+ fxe6 18.Be3 Bd6  1/2-1/2

[Event "USCL"]
[Site "ICC INT"]
[Date "2006.09.06"]
[Round "2"]
[White "Shahade,M"]
[Black "Kelleher,W"]
[Result "1/2-1/2"]
[WhiteElo "2266"]
[BlackElo "2381"]

1.c4 c6 2.e4 d5 3.exd5 cxd5 4.cxd5 Nf6 5.Qa4+ Bd7 6.Qb3 Na6 7.d4 Qb6 8.Bxa6 Qxa6
9.Nc3 e6 10.dxe6 Bxe6 11.Qb5+ Qxb5 12.Nxb5 Rc8 13.Nc3 Bb4 14.Bd2 O-O 15.f3 Rfd8
16.Nge2 Bc4 17.Rc1 Bxe2 18.Nxe2 Rxc1+ 19.Nxc1 Rxd4 20.Bxb4 Rxb4 21.Nd3 Rc4
22.Kd2 Kf8  1/2-1/2

[Event "5th Kesarovski - Georgiev Mem"]
[Site "Sunny Beach BUL"]
[Date "2006.09.06"]
[Round "5"]
[White "Dimitrov,R"]
[Black "Ivanov L.,S"]
[Result "1-0"]
[WhiteElo "2213"]
[BlackElo "2113"]

1.c4 c6 2.Nc3 d5 3.e3 Nf6 4.Nf3 e6 5.Be2 Nbd7 6.d4 dxc4 7.Bxc4 b5 8.Bd3 Bb7
9.a3 a5 10.O-O Be7 11.e4 b4 12.Na4 O-O 13.Qc2 h6 14.Be3 Rc8 15.Nc5 Bxc5 16.dxc5 Ng4
17.Bf4 Nxc5 18.Qxc5 Qxd3 19.Bd6 Rfe8 20.e5 h5 21.axb4 axb4 22.Ra7 Ba6 23.Ra1 Bc4
24.Ng5 Nh6 25.Qxb4 Bd5 26.Qf4 Qg6 27.f3 c5 28.h3 c4 29.R1a3 Ra8 30.Kh2 Rac8
31.h4 Rc6 32.Rd7 Rb6 33.Raa7 Rxb2 34.Rxf7 Ng4+ 35.Kh3 Nf2+ 36.Kg3 Nh1+ 37.Kh2 Rxg2+
38.Kxh1 Qb1+ 39.Kxg2 Qc2+ 40.Kg3  1-0

[Event "59th ch-RUS 1st League"]
[Site "Tomsk RUS"]
[Date "2006.09.06"]
[Round "4"]
[White "Chuprov,D"]
[Black "Alavkin,A"]
[Result "1-0"]
[WhiteElo "2527"]
[BlackElo "2492"]

1.c4 c6 2.e4 d5 3.exd5 Nf6 4.Nc3 cxd5 5.cxd5 Nxd5 6.Bc4 Nb6 7.Bb3 g6 8.a4 Nc6
9.Nf3 a5 10.d4 Bg7 11.Be3 O-O 12.d5 Nb4 13.O-O Bg4 14.h3 Bxf3 15.Qxf3 Rc8
16.d6 exd6 17.Qxb7 Nc4 18.Bxc4 Rxc4 19.Qb5 Qc8 20.Rad1 Be5 21.Qxa5 Qc6 22.Qb5 Ra8
23.Rd2 Qc8 24.a5 Qc6 25.Qxc6 Nxc6 26.Bb6 Rb4 27.Nd5 Rxb2 28.Rxb2 Bxb2 29.Rb1 Bd4
30.Ne7+ Nxe7 31.Bxd4 Nc6 32.Bb6 Ra6 33.Ra1 f5 34.Kf1 Kf7 35.Ke2 Ke6 36.Kd3 d5
37.Kc3 Kd6 38.Kb3 Ne5 39.Kb4 Kc6 40.Ra2 Nc4 41.Bd4 Kb7 42.Kb5 Nd6+ 43.Kc5 Nc4
44.Bc3 Rc6+ 45.Kd4 Ka6 46.Kxd5 Kb5 47.Bb4 Ra6 48.Rc2 Rc6 49.Re2 Rc8 50.Be7 Nxa5
51.Rb2+ Ka6 52.Bc5 Rd8+ 53.Ke6 Nb7 54.Be7 Rd1 55.h4 f4 56.Kf7 Rd7 57.Kf8 Na5
58.Bg5 f3 59.gxf3 Nc4 60.Re2 Kb5 61.Kg8 Kc6 62.Be7 Nb6 63.f4 Nd5 64.Re6+ Kb5
65.Bg5 Kc4 66.h5 Nc7 67.Re5 gxh5 68.f5 Nb5 69.Be7 Rd5 70.Rxd5 Kxd5 71.f6 Nd4
72.f7 Ne6 73.Kxh7 Ke5 74.Kg6 Kf4 75.Kxh5  1-0

[Event "5th Kesarovski - Georgiev Mem"]
[Site "Sunny Beach BUL"]
[Date "2006.09.08"]
[Round "7"]
[White "Todorov,E"]
[Black "Ivanov L.,S"]
[Result "0-1"]
[WhiteElo "2279"]
[BlackElo "2113"]

1.c4 c6 2.g3 d5 3.Qc2 Nf6 4.Bg2 g6 5.d3 Bg7 6.Nf3 O-O 7.O-O dxc4 8.Qxc4 Nbd7
9.Nc3 e5 10.a4 a5 11.Rb1 Nb6 12.Qh4 Nfd5 13.Qxd8 Rxd8 14.Nxd5 Nxd5 15.Nd2 Nb4
16.b3 Nc2 17.Bb2 Nd4 18.Bxd4 exd4 19.f4 Re8 20.Kf2 Bg4 21.Nf3 Bf8 22.h3 Be6
23.Rfc1 Rad8 24.Ng5 Bb4 25.Rc2 Kg7 26.Ne4 Bd5 27.Bf3 Re7 28.Ng5 h6 29.Ne4 f5
30.Nd2 Bxd2 31.Rxd2 Bxf3 32.Kxf3 c5 33.Rc2 b6 34.Rg1 Kf6 35.Kf2 g5 36.Rcc1 Rde8
37.Rce1 Re3 38.fxg5+ hxg5 39.Rh1 Rh8 40.h4 g4 41.Rhg1 f4 42.Ref1 Kg6 43.gxf4 Rxh4
44.Rg2 Kf5 45.Ke1 g3 46.Rfg1 Kxf4 47.Rf1+ Kg4 48.Rf6 Kh5 49.Kf1 Kg4 50.Kg1 Rh2
51.Rg6+ Kf4 52.Rf6+ Ke5 53.Rxb6 Rxg2+ 54.Kxg2 Rxe2+ 55.Kxg3 Re3+ 56.Kf2 Rxd3
57.Ke2 Rc3 58.Rb8 Kd5 59.Rb6 Ke4 60.Re6+ Kd5 61.Rb6 Ke5 62.Kd2 Rh3 63.Kc2 Rc3+
64.Kd2 Kd5 65.Ke2 c4 66.Rb5+ Ke4 67.bxc4 Rxc4 68.Rxa5 Rc2+ 69.Ke1 Ra2 70.Ra8 Ke3
71.Re8+ Kd3 72.Ra8 Ra1+ 73.Kf2 Kc2 74.Rc8+ Kd2 75.Ra8 d3 76.a5 Kc3 77.Rc8+ Kd4
78.Ra8 d2 79.Ke2 d1=Q+  0-1

[Event "TCh-ESP Honor Gp1"]
[Site "Olite ESP"]
[Date "2006.09.09"]
[Round "4"]
[White "Franco Ocampos,Z"]
[Black "Martin Perez,J"]
[Result "1-0"]
[WhiteElo "2525"]
[BlackElo "2280"]

1.c4 c6 2.d4 d5 3.Nf3 Nf6 4.Qc2 e6 5.Bg5 Nbd7 6.Nbd2 Be7 7.e3 O-O 8.Bd3 h6
9.Bh4 b6 10.cxd5 cxd5 11.Qc6 Rb8 12.Bg3 Bb7 13.Qa4 Rc8 14.Qxa7 Bc6 15.Be2 Ne4
16.Qa6 b5 17.Bxb5 Nxg3 18.hxg3 Bxb5 19.Qxb5 Rb8 20.Qc6 Rxb2 21.Ke2 Rb6 22.Qa4 Rb4
23.Qa7 Rb8 24.Rhc1 Ra8 25.Qc7 Ba3 26.Qxd8 Rfxd8 27.Rc7 Nb6 28.Rb1 Rdb8 29.Rb3 Bf8
30.Rc2 Na4 31.Ne5 Rc8 32.Rxc8 Rxc8 33.Kd3 Rc7 34.Rb8 g6 35.Rd8 Kg7 36.Rd7 Nb2+
37.Ke2 Rc2 38.Rxf7+ Kg8 39.Rb7 Nc4 40.Nxc4 dxc4 41.Kd1 Rxa2 42.Ne4 Ba3 43.Ra7 Kf8
44.Nc3 Ra1+ 45.Ke2 Bb2 46.Rxa1 Bxa1 47.Kd2 Bb2 48.Nb5 e5 49.Kc2 c3 50.dxe5 Ke7
51.f4 Ke6 52.g4  1-0

[Event "ch-EU"]
[Site "Liverpool ENG"]
[Date "2006.09.10"]
[Round "5"]
[White "Conquest,S"]
[Black "Karttunen,M"]
[Result "0-1"]
[WhiteElo "2534"]
[BlackElo "2422"]

1.c4 c6 2.e4 e5 3.Nf3 d6 4.d4 Nd7 5.Nc3 Ngf6 6.Be2 g6 7.O-O Bg7 8.Qc2 O-O
9.Rd1 Qc7 10.Rb1 a5 11.b3 Re8 12.Ba3 exd4 13.Rxd4 Nc5 14.Rbd1 Nfd7 15.Bb2 Bxd4
16.Nxd4 Qd8 17.f4 Qe7 18.Bf3 Nf6 19.Re1 Bg4 20.Kh1 Rad8 21.Qd2 Bxf3 22.gxf3 d5
23.cxd5 cxd5 24.e5 Nh5 25.Ba3 Nxb3 26.Bxe7 Nxd2 27.Bxd8 Rxd8 28.f5 gxf5 29.Rd1 Nc4
30.Nxf5 Nxe5 31.Rxd5 Rxd5 32.Nxd5 b5 33.Kg2 Nd3 34.Nd4 b4 35.Nc6 Nhf4+ 36.Nxf4 Nxf4+
37.Kf2 Nd3+ 38.Ke3 Nc1 39.Nxa5 Nxa2 40.Kd3 Kg7 41.Kc4 Kf6 42.Nc6 Kf5 43.Kb3 Nc1+
44.Kxb4 Nd3+ 45.Kc4 Ne1 46.Kd5 Nxf3 47.h3 h5 48.Ne7+ Kf4 49.Kd6 h4 50.Nd5+ Kg5
51.Ke7 f5 52.Ke6 Ng1 53.Ke5 Nxh3 54.Ne3 f4 55.Nd5 Kg4 56.Nf6+ Kg3 57.Nh5+ Kg2  0-1

[Event "EU-chG16"]
[Site "Herceg Novi MNE"]
[Date "2006.09.11"]
[Round "2"]
[White "Gavrilova,A"]
[Black "Le Bail,C"]
[Result "1/2-1/2"]
[WhiteElo "2104"]
[BlackElo "1971"]

1.c4 c6 2.Nc3 d5 3.d4 Nf6 4.e3 a6 5.Nf3 b5 6.b3 Bg4 7.Be2 Nbd7 8.O-O e6 9.Ne5 Bxe2
10.Qxe2 Nxe5 11.dxe5 Nd7 12.f4 Bc5 13.Kh1 Qe7 14.cxd5 cxd5 15.Bb2 O-O 16.Rac1 f6
17.exf6 Nxf6 18.Rc2 Qa7 19.e4 d4 20.Nd1 Rac8 21.Nf2 Qb7 22.Rd1 Rfd8 23.Rcd2 Rd7
24.Bxd4 Bxd4 25.Rxd4 Rxd4 26.Rxd4 Rc1+ 27.Rd1 Rxd1+ 28.Qxd1 Nxe4 29.Qd8+ Kf7
30.Nd3 Qe7 31.Ne5+ Kf6 32.Nd7+  1/2-1/2

[Event "EU-chG16"]
[Site "Herceg Novi MNE"]
[Date "2006.09.12"]
[Round "3"]
[White "Toth,Sar"]
[Black "Babei,A"]
[Result "1-0"]
[WhiteElo "2105"]
[BlackElo "1963"]

1.c4 c6 2.Nf3 d5 3.b3 Nf6 4.g3 Bf5 5.Bg2 h6 6.Bb2 e6 7.d3 Bh7 8.Nbd2 Nbd7
9.O-O Be7 10.Re1 O-O 11.a3 a5 12.Bc3 Ne8 13.b4 Bf6 14.Qb3 a4 15.Qb2 Nd6 16.Ne5 Re8
17.Nxd7 Bxc3 18.Qxc3 Qxd7 19.e4 dxe4 20.dxe4 Red8 21.Rad1 Qe7 22.e5 Nf5 23.Ne4 Rxd1
24.Rxd1 Rd8 25.Rd2 Qc7 26.Nc5 Rxd2 27.Qxd2 Bg6 28.f4 b5 29.cxb5 cxb5 30.Qd3 Nh4
31.Qxb5 Nxg2 32.Qe8+ Kh7 33.Kxg2 Bc2 34.Kg1 Bb3 35.Qd7 Qxd7 36.Nxd7 Bc4 37.Kf2 Bb5
38.Nc5 h5 39.Ke3 Kg6 40.Ne4 Bc6 41.Nd6 f6 42.h4 fxe5 43.fxe5  1-0

[Event "EU-chG18"]
[Site "Herceg Novi MNE"]
[Date "2006.09.12"]
[Round "3"]
[White "Tarasova,V"]
[Black "Gasik,An"]
[Result "0-1"]
[WhiteElo "2300"]
[BlackElo "2068"]

1.c4 c6 2.Nf3 d5 3.e3 Nf6 4.Nc3 Bg4 5.cxd5 cxd5 6.Qb3 Bxf3 7.Qxb7 Nbd7 8.gxf3 e6
9.Nb5 Rc8 10.Nxa7 Rb8 11.Qc6 Bc5 12.Nb5 O-O 13.Qc7 Qe7 14.Qg3 e5 15.Be2 d4
16.a3 Nd5 17.Rg1 g6 18.b4 Bb6 19.Bb2 Rbc8 20.Rd1 Rc2 21.Ba1 Qe6 22.Bd3 Ra2
23.Kf1 dxe3 24.fxe3 Bxe3 25.Nc3 Nxc3 26.Bxc3 Bxg1 27.Kxg1 Re8 28.Bb5 Qb6+  0-1

[Event "14th Bora Kostic Mem"]
[Site "Vrsac SCG"]
[Date "2006.09.12"]
[Round "1"]
[White "Munizaba,S"]
[Black "Solak,D"]
[Result "1/2-1/2"]
[WhiteElo "2319"]
[BlackElo "2564"]

1.c4 c6 2.Nf3 d5 3.e3 Nf6 4.b3 Bg4 5.Bb2 e6 6.Be2 Bd6 7.O-O Nbd7 8.d4 Qb8
9.h3 Bf5 10.Nc3 O-O 11.Bd3 Re8 12.Bxf5 exf5 13.Qd3 g6 14.cxd5 cxd5 15.Nb5 a6
16.Nxd6 Qxd6 17.a4 Ne4 18.Ba3 Qe6 19.Rfc1 Rac8 20.Rc2 g5 21.Nh2 g4 22.hxg4 fxg4
23.Nf1 Qf5 24.Rac1 Rxc2 25.Qxc2 Ndf6 26.Qe2 h5 27.Rc7 b5 28.Be7 bxa4 29.bxa4 Rb8
30.f3 Ng5 31.Qc2 Qe6 32.fxg4 Nge4 33.Bxf6 Qxf6 34.gxh5 Qf5 35.Re7 Rb1 36.Re8+ Kg7
37.h6+ Kxh6 38.Qxb1 Qf2+ 39.Kh2 Qh4+ 40.Kg1 Qf2+ 41.Kh1  1/2-1/2

[Event "USCL"]
[Site "ICC INT"]
[Date "2006.09.13"]
[Round "3"]
[White "Mikhailuk,S"]
[Black "Zaremba,An"]
[Result "1-0"]
[WhiteElo "2446"]
[BlackElo "2321"]

1.c4 c6 2.Nc3 d5 3.cxd5 cxd5 4.d4 Nc6 5.Bf4 Nf6 6.e3 e6 7.Bd3 Bd6 8.Bxd6 Qxd6
9.f4 a6 10.Nf3 b5 11.O-O Bb7 12.Ne5 O-O 13.Rf3 Ne7 14.Rh3 g6 15.Qe1 h5 16.Ne2 Kg7
17.Nc1 Ne4 18.Nb3 f6 19.Nf3 Rac8 20.a4 bxa4 21.Rxa4 Nf5 22.Nfd2 Rf7 23.Rf3 Qb6
24.Ra3 Qb4 25.Rf1 Nxd2 26.Bxf5 exf5 27.Qxd2 Qxd2 28.Nxd2 Rc2 29.Nb3 Rxb2
30.Nc5 Re7 31.Rfa1 Bc6 32.Rxa6 Bb5 33.Ra7 Rxa7 34.Rxa7+ Kh6 35.h4 Bc6 36.Rc7 Rb6
37.Ne6 Ba8 38.Ng5 Rb7 39.Rc8 fxg5 40.hxg5+ Kg7 41.Rxa8 Rb2 42.Ra7+ Kg8 43.Kf1 Rb1+
44.Kf2 Rb2+ 45.Kf3 Rb5 46.g3 Kf8 47.Rc7 Rb6 48.Rc5 Rd6 49.Ke2 Ke7 50.Kd3 Kf7
51.Rc7+ Kf8 52.Ra7 Rb6 53.Rc7 Rb3+ 54.Rc3 Rb6 55.Rc5 Rd6 56.Ra5 Kf7 57.Ra3 Rc6
58.Ra7+ Ke8 59.Ra5 Rd6 60.Kc3 Re6 61.Kb4 Rxe3 62.Ra3 Re4 63.Kc5 h4 64.gxh4 Rxf4
65.Kxd5 Rxh4 66.Ra8+ Ke7 67.Ra7+ Ke8 68.Rg7 Rg4 69.Rxg6 Ke7 70.Re6+ Kd7 71.Rd6+ Ke7
72.g6 f4 73.Re6+ Kd7 74.Ra6 f3 75.Ra7+ Ke8 76.Ra8+ Ke7 77.Ra7+ Ke8 78.g7 Rxg7
79.Rxg7 f2 80.Ke6  1-0

[Event "XVI WSen"]
[Site "Arvier ITA"]
[Date "2006.09.15"]
[Round "5"]
[White "Bukal,V sr"]
[Black "Piankov,E"]
[Result "1-0"]
[WhiteElo "2414"]
[BlackElo "2324"]

1.c4 c6 2.Nc3 d5 3.d4 e6 4.e3 Bd6 5.Bd3 Nf6 6.Nf3 O-O 7.O-O c5 8.dxc5 Bxc5
9.Qe2 Nc6 10.a3 a5 11.Rd1 Qe7 12.h3 h6 13.b3 b6 14.Bb2 Bb7 15.cxd5 exd5 16.Nb5 Rac8
17.Nh4 Ne5 18.Nf5 Qe6 19.Nbd4 Bxd4 20.Nxd4 Qe7 21.Bf5 Nfd7 22.f4 Ng6 23.Bd3 Nf6
24.Nf5 Qd8 25.Bd4 Rc6 26.Rac1 Rxc1 27.Rxc1 Bc8 28.Rxc8 Qxc8 29.Bxf6 gxf6
30.Qh5 Qc1+ 31.Kh2  1-0

[Event "XVI WSen w"]
[Site "Arvier ITA"]
[Date "2006.09.15"]
[Round "5"]
[White "Fatalibekova,E"]
[Black "Beliaeva,N"]
[Result "1-0"]
[WhiteElo "2264"]
[BlackElo "2078"]

1.c4 c6 2.e4 d5 3.exd5 cxd5 4.d4 Nf6 5.Nc3 Nc6 6.Nf3 g6 7.cxd5 Nxd5 8.Qb3 Nxc3
9.Bc4 e6 10.bxc3 Qa5 11.O-O h5 12.d5 Nd8 13.Bb5+ Bd7 14.Bxd7+ Kxd7 15.dxe6+ fxe6
16.Bg5 Be7 17.Rad1+ Ke8 18.Bxe7 Kxe7 19.Rfe1 Qb6 20.Qa4 Qc7 21.Ne5 Qxc3 22.Rd7+ Kf8
23.Qf4+ Ke8 24.Red1 Rf8 25.Qg5  1-0

[Event "EU-chB18"]
[Site "Herceg Novi MNE"]
[Date "2006.09.16"]
[Round "6"]
[White "Enchev,I"]
[Black "Lehmann,A"]
[Result "1/2-1/2"]
[WhiteElo "2238"]
[BlackElo "2139"]

1.c4 c6 2.e4 d5 3.exd5 cxd5 4.cxd5 Nf6 5.Qa4+ Nbd7 6.Nc3 g6 7.Nf3 Bg7 8.d4 O-O
9.Qb3 Nb6 10.Be2 Nfxd5 11.O-O Be6 12.Qd1 Nxc3 13.bxc3 Rc8 14.Bd2 Bc4 15.Re1 Re8
16.h4 Qd5 17.Bxc4 Nxc4 18.Bf4 Qf5 19.Bg3 e5 20.dxe5 Nxe5 21.Nxe5 Bxe5 22.Qa4 Re6
23.Bxe5 Rxe5 24.Qxa7 Rxe1+ 25.Rxe1 Qd5 26.Re3 b5 27.Qd4 Qxd4 28.cxd4 Rc1+
29.Kh2 Rd1 30.Re5 Rxd4 31.h5 Kg7 32.Rxb5 Rd2 33.a4 Rxf2 34.hxg6 hxg6 35.Ra5 Ra2
36.Kg3 Kf6  1/2-1/2

[Event "5th Open"]
[Site "Izmir TUR"]
[Date "2006.09.19"]
[Round "10"]
[White "Gavasheli,A"]
[Black "Sulashvili,M"]
[Result "0-1"]
[WhiteElo "2219"]
[BlackElo "2431"]

1.c4 c6 2.e4 d5 3.exd5 cxd5 4.cxd5 Nf6 5.Nc3 g6 6.Bb5+ Nbd7 7.Nf3 Bg7 8.O-O O-O
9.Re1 a6 10.Bxd7 Qxd7 11.Ne5 Qd6 12.Nc4 Qc5 13.d3 b5 14.Be3 Qc7 15.Nb6 Rb8
16.Nxc8 Rbxc8 17.Qf3 Qd7 18.a3 a5 19.Bd4 b4 20.axb4 axb4 21.Ra7 Qd8 22.Bxf6 Bxf6
23.Na4 Qd6 24.Qe4 Ra8 25.Rxa8 Rxa8 26.b3 Ra5 27.g3 Rxd5 28.Rd1 Bd4 29.Rc1 Rf5
30.Rc2 Qf6 31.Qe1 Kg7 32.Kg2 h5 33.h4 Rf3 34.Qf1 Qf5 35.Nb2 Qd5 36.Kh2 Qxb3
37.Qd1 Qxc2 38.Qxc2 Rxf2+ 39.Qxf2 Bxf2 40.Nc4 b3 41.Kg2 Bd4 42.Kf3 f5 43.Nd2 b2  0-1

[Event "Vojvodina Quality League m"]
[Site "Sremska Mitrovica SRB"]
[Date "2006.09.22"]
[Round "1"]
[White "Grujic,Z"]
[Black "Vukic,R"]
[Result "1-0"]
[WhiteElo "2338"]
[BlackElo "2292"]

1.c4 c6 2.Nc3 d5 3.d4 Nf6 4.Nf3 a6 5.Ne5 dxc4 6.Nxc4 g6 7.e4 Bg7 8.a4 a5
9.Qb3 Nfd7 10.Be3 Na6 11.Be2 O-O 12.O-O Kh8 13.f4 f5 14.exf5 gxf5 15.Ne5 Nb4
16.Rf3 Qe8 17.Rh3 Nf6 18.Bc4 e6 19.Be2 b6 20.Re1 Ba6 21.Bxa6 Rxa6 22.Qc4 Ra8
23.Bf2 Ng4 24.Nf3 Nd5 25.Ng5 Nxf4 26.Rxh7+ Kg8 27.Bg3 b5 28.axb5 cxb5 29.Rxg7+ Kxg7
30.Qc7+ Rf7 31.Nxf7 Qxf7 32.Qxf4 b4 33.Nb5 Ra6 34.h3 Nf6 35.Nd6 Qh5 36.Rxe6  1-0

[Event "TCh-NED 2006-7"]
[Site "Netherlands NED"]
[Date "2006.09.23"]
[Round "1"]
[White "Kabatianski,A"]
[Black "L'Ami,E"]
[Result "0-1"]
[WhiteElo "2432"]
[BlackElo "2586"]

1.c4 c6 2.Nf3 d5 3.e3 Nf6 4.Nc3 e6 5.b3 Nbd7 6.Qc2 Bd6 7.Bb2 O-O 8.Be2 Re8
9.d4 b6 10.O-O Bb7 11.Rad1 Qc7 12.h3 a6 13.e4 e5 14.dxe5 Nxe5 15.Rfe1 Rad8
16.Nh4 Ng6 17.Nxg6 hxg6 18.exd5 cxd5 19.Bf1 dxc4 20.bxc4 Bc6 21.Rxe8+ Rxe8
22.Qd3 Bh2+ 23.Kh1 Be5 24.Qd2 Qc8 25.Kg1 Qf5 26.Bd3 Qe6 27.Bf1 Qf5 28.Bd3 Qd7
29.Bf1 Qc7 30.Qc2 Nd7 31.Nd5 Bxd5 32.Rxd5 Bxb2 33.Qxb2 Nc5 34.Qd2 Qe7 35.g3 Qe1
36.Qxe1 Rxe1 37.Rd8+ Kh7 38.Kg2 g5 39.Rd2 g6 40.Rb2 Re6 41.Be2 Kg7 42.Bf3 f5
43.Bd5 Rd6 44.Kf3 Kf6 45.Ke3 Ke5 46.f4+ gxf4+ 47.gxf4+ Kf6 48.Kd4 Ne6+ 49.Ke3 b5
50.a3 bxc4 51.Bxc4 Nxf4 52.Kxf4 Rd4+ 53.Kg3 Rxc4 54.Rb6+ Kg5 55.Rxa6 f4+
56.Kg2 Rc2+ 57.Kf3 Rc3+ 58.Kg2 Rg3+ 59.Kf2 Rxh3 60.a4 Kf5  0-1

[Event "15th TCh-CRO w"]
[Site "Sibenik CRO"]
[Date "2006.09.23"]
[Round "2"]
[White "Franciskovic,B"]
[Black "Detelic,M"]
[Result "1/2-1/2"]
[WhiteElo "2160"]
[BlackElo "1867"]

1.c4 c6 2.Nf3 d5 3.g3 Bg4 4.Bg2 e6 5.O-O Nf6 6.b3 Be7 7.Bb2 Nbd7 8.d3 O-O
9.Nbd2 Qc7 10.Qc2 Rac8 11.Rac1 Qb8 12.h3 Bxf3 13.Nxf3 Rfe8 14.Rfd1 Bd6 15.e4 dxe4
16.dxe4 e5 17.Nh4 g6 18.Bf3 Rcd8 19.Bc3 Nf8 20.Qb2 N6d7 21.Ng2 Ne6 22.h4 Bf8
23.Rc2 Bg7 24.Rcc1 Ndc5 25.Ne1 Nd4 26.Bg2 Nce6 27.Kh2 Bh6 28.Rb1 Bg7 29.Bh3 Qc7
30.Bxe6 Nxe6 31.Nf3 f6 32.Kg2 Rxd1 33.Rxd1 Rd8 34.Rxd8+ Qxd8 35.Qa3 a6 36.Ba5 Qd7
37.Bb6 Bf8 38.Qc1 Qd3 39.Qe3 Qxe3 40.Bxe3 Bb4 41.Ng1 Kf7 42.Ne2 f5 43.Kf3 Bc5
44.exf5 gxf5 45.Bxc5 Nxc5 46.Ke3 a5 47.f3 h5 48.Nc1 Kf6 49.a3 Ke6 50.b4 axb4
51.axb4 Na6 52.Nd3 Kf6 53.Kd2 e4 54.Nf4 exf3 55.Ke3 Nxb4 56.Nxh5+ Kg6 57.Nf4+ Kf6
58.Kxf3 Nc2 59.Ke2 b5 60.cxb5 Nd4+ 61.Kd3 Nxb5 62.Kc4 Nd6+ 63.Kc5 Ne4+  1/2-1/2

[Event "Vojvodina Quality League m"]
[Site "Sremska Mitrovica SRB"]
[Date "2006.09.23"]
[Round "2"]
[White "Pezelj,N"]
[Black "Gavric,Zi"]
[Result "1-0"]
[WhiteElo "2267"]
[BlackElo "2129"]

1.c4 c6 2.d4 d5 3.Nc3 Nf6 4.Nf3 e6 5.Qc2 Bb4 6.e3 O-O 7.Bd3 Nbd7 8.O-O Re8
9.Bd2 Bd6 10.e4 dxe4 11.Nxe4 Nxe4 12.Bxe4 Nf8 13.Rfe1 Qc7 14.Bc3 b6 15.g3 Bb7
16.Qe2 Be7 17.Ne5 Bf6 18.Ng4 Be7 19.Bf3 Rac8 20.Rad1 Ng6 21.h4 Nf8 22.h5 h6
23.a4 Nh7 24.Bg2 c5 25.Bxb7 Qxb7 26.d5 exd5 27.Rxd5 Bf6 28.Qxe8+ Rxe8 29.Rxe8+ Nf8
30.Nxf6+ gxf6 31.Bxf6  1-0

[Event "Vojvodina Quality League m"]
[Site "Sremska Mitrovica SRB"]
[Date "2006.09.25"]
[Round "5"]
[White "Vlahovic,B"]
[Black "Jovic,Ste"]
[Result "1-0"]
[WhiteElo "2374"]
[BlackElo "2159"]

1.c4 c6 2.g3 d5 3.Bg2 Nf6 4.Qc2 Bg4 5.Nf3 Nbd7 6.d4 e6 7.Nbd2 Be7 8.O-O h5
9.e4 dxe4 10.Nxe4 Nxe4 11.Qxe4 Bf5 12.Qe2 h4 13.Rd1 hxg3 14.hxg3 O-O 15.d5 exd5
16.Nd4 Bg6 17.cxd5 c5 18.Nc6 bxc6 19.dxc6 Bf6 20.Rxd7 Qb6 21.Rb7 Rae8 22.Be3 Qa5
23.Qc4 Bd4 24.Bxd4 cxd4 25.Qxd4 Re1+ 26.Rxe1 Qxe1+ 27.Kh2 Qc1 28.Qf4 Qc5
29.b4 Qh5+ 30.Qh4 Qf5 31.c7  1-0

[Event "Tatry Open"]
[Site "Tatranske Zruby SVK"]
[Date "2006.09.25"]
[Round "3"]
[White "Mesaros,J"]
[Black "Cerny,J"]
[Result "1/2-1/2"]
[WhiteElo "1942"]
[BlackElo "2096"]

1.c4 c6 2.Nc3 d5 3.cxd5 cxd5 4.d4 Nc6 5.Nf3 Nf6 6.g3 Bf5 7.Bg2 e6 8.O-O a6
9.Bg5 Be7 10.Rc1 O-O 11.a3 h6 12.Bxf6 Bxf6 13.e3 Qb8 14.Na4 Rc8 15.Nb6 Qd6
16.Nxc8 Rxc8 17.Qd2 g5 18.Qc3 Kg7 19.b4 h5 20.Qc5 Qb8 21.Qc3 Qd6 22.Nd2 h4
23.Nb3 hxg3 24.fxg3 Rh8 25.Nc5 Nd8 26.Nb3 Qf8 27.Rf2 Qg8 28.Qd2 Qh7 29.Bh1 g4
30.Nc5 Bg5 31.Rc3 Be7 32.Nd3 Bd6 33.Nf4 Nc6 34.Rc1 Rd8 35.Rcf1 Ne7 36.a4 Rd7
37.b5 axb5 38.axb5 Bxf4 39.exf4 Bd3 40.Ra1 Bxb5 41.Qe3 Qg6 42.Rc1 Nf5 43.Qc3 Bc4
44.Bg2 Qf6 45.Rd2 b5 46.Rb1 Ra7 47.h3 Qg6 48.hxg4 Qxg4 49.Kf2 Ra8 50.Rh1 b4
51.Qf3 Qxf3+ 52.Bxf3 Ra2 53.Rxa2 Bxa2 54.Rd1 b3 55.Rd2 Nxd4 56.Rxd4 b2 57.Rb4 b1=Q
58.Rxb1 Bxb1 59.Ke3 f5 60.Kd4  1/2-1/2

[Event "Tatry Open"]
[Site "Tatranske Zruby SVK"]
[Date "2006.09.26"]
[Round "5"]
[White "Mozny,M"]
[Black "Sejkora,V"]
[Result "1/2-1/2"]
[WhiteElo "2385"]
[BlackElo "2198"]

1.c4 c6 2.Nc3 d5 3.d4 Nf6 4.Nf3 g6 5.e3 Bg7 6.Be2 O-O 7.O-O Bg4 8.Ne5 Bxe2
9.Qxe2 Nbd7 10.Nxd7 Qxd7  1/2-1/2

[Event "Tatry Open"]
[Site "Tatranske Zruby SVK"]
[Date "2006.09.28"]
[Round "7"]
[White "Hujo,J"]
[Black "Fejtek,P"]
[Result "1/2-1/2"]
[WhiteElo "2111"]
[BlackElo "2008"]

1.c4 c6 2.Nc3 d5 3.cxd5 cxd5 4.d4 Nc6 5.Bf4 a6 6.e3 Nf6 7.Bd3 e6 8.Rc1 Bd6
9.Bxd6 Qxd6 10.Nf3 O-O 11.O-O e5 12.dxe5 Nxe5 13.Nxe5 Qxe5 14.h3 b5 15.Bb1 Bb7
16.Qd4 Qe6 17.Rfd1 Rac8 18.Ne2 Rxc1 19.Rxc1 Rc8 20.Rc5 Rxc5 21.Qxc5 Qc6 22.Qxc6 Bxc6
23.Nd4 Bd7 24.b4 Kf8 25.Nb3 Ke7 26.Kf1 Kd6 27.Ke2 Bc8 28.g4 Ne4  1/2-1/2

[Event "Bygger'n Masters"]
[Site "Gausdal NOR"]
[Date "2006.09.29"]
[Round "6"]
[White "Stubberud,O"]
[Black "Westerinen,H"]
[Result "1/2-1/2"]
[WhiteElo "2202"]
[BlackElo "2378"]

1.c4 c6 2.Nf3 d5 3.b3 Bf5 4.Bb2 Nf6 5.e3 e6 6.Be2 Nbd7 7.O-O Be7 8.d4 h6
9.Nbd2 O-O 10.Ne5 Nxe5 11.dxe5 Ne4 12.Nxe4 Bxe4 13.Bd3 Bxd3 14.Qxd3 dxc4
15.Qxc4 Qa5 16.Bc3 Qa3 17.Qe2 Rfd8 18.Rfd1 Bb4 19.Bxb4 Qxb4 20.f4 a5 21.Kf2 a4
22.Rxd8+ Rxd8 23.Rd1 Rd5 24.Qc2 axb3 25.axb3 Qa5 26.Rd4 g6 27.Rxd5 Qxd5 28.b4 Kf8
29.Qc3 Ke7 30.Qd4 Kd7 31.Ke2 Kc7 32.Kd3 Qd7 33.Kc4 Qe7 34.Qa7 Qd7 35.Qa5+ Kb8
36.Qc5 Kc7 37.Qa5+ Kb8 38.Qc5 Kc7 39.Qa5+  1/2-1/2

[Event "Bygger'n Masters"]
[Site "Gausdal NOR"]
[Date "2006.09.30"]
[Round "7"]
[White "Lie,K"]
[Black "Pitl,G"]
[Result "1-0"]
[WhiteElo "2523"]
[BlackElo "2380"]

1.c4 c6 2.g3 d5 3.Bg2 Nf6 4.Nf3 dxc4 5.Qc2 Be6 6.Ng5 Bd5 7.e4 h6 8.Nh3 Be6
9.Nf4 Bc8 10.e5 Nd5 11.Qxc4 Nxf4 12.Qxf4 Na6 13.d4 Nb4 14.O-O Nc2 15.d5 Nxa1
16.e6 fxe6 17.dxc6 bxc6 18.Bxc6+ Bd7 19.Be4 Qc8 20.Bd2 a5 21.Rc1 Qb8 22.Bg6+ Kd8
23.Qxb8+  1-0

[Event "TCh-BEL 2006-7"]
[Site "Belgium BEL"]
[Date "2006.10.01"]
[Round "1"]
[White "Steingrimsson,H"]
[Black "Vermeulen,B"]
[Result "1-0"]
[WhiteElo "2439"]
[BlackElo "2248"]

1.c4 c6 2.d4 d5 3.Nf3 Nf6 4.e3 e6 5.Bd3 Nbd7 6.O-O Be7 7.Nc3 dxc4 8.Bxc4 Nb6
9.Bd3 c5 10.dxc5 Bxc5 11.e4 Be7 12.Qe2 Bd7 13.Rd1 Qb8 14.Bg5 a6 15.e5 Nfd5
16.Ne4 Bc6 17.Bxe7 Kxe7 18.Nd6 Nd7 19.Ng5 Nf4 20.Qe1 f6 21.exf6+ Kxf6 22.Nge4+ Bxe4
23.Bxe4  1-0

[Event "Corporacion del Sur B"]
[Site "Buenos Aires ARG"]
[Date "2006.10.06"]
[Round "4"]
[White "Contin,D"]
[Black "Slipak,S"]
[Result "1/2-1/2"]
[WhiteElo "2386"]
[BlackElo "2445"]

1.c4 c6 2.e4 d5 3.exd5 cxd5 4.d4 Nf6 5.Nc3 g6 6.Qb3 Bg7 7.cxd5 O-O 8.Be2 Na6
9.Bf3 Qb6 10.Nge2 Qxb3 11.axb3 Nb4 12.O-O Rd8 13.Ra5 a6 14.Bf4 Bg4 15.Bxg4 Nxg4
16.d6 exd6 17.Nd5 Nc6 18.Ra4 b5 19.Ra2 Nf6 20.Nec3 Nxd5 21.Nxd5 h6  1/2-1/2

[Event "FSIM October"]
[Site "Budapest HUN"]
[Date "2006.10.09"]
[Round "3"]
[White "Titz,Hei"]
[Black "Graf,F"]
[Result "1/2-1/2"]
[WhiteElo "2286"]
[BlackElo "2221"]

1.c4 c6 2.Nf3 d5 3.b3 Nf6 4.Bb2 Bg4 5.e3 Nbd7 6.Be2 e6 7.h3 Bh5 8.O-O Bd6
9.Nc3 O-O 10.cxd5 exd5 11.Nd4 Bxe2 12.Qxe2 Be5 13.Nf3 Bc7 14.Rac1 Re8 15.Na4 Qe7
16.Rfd1 Rac8 17.Bd4 b6 18.Bxf6 Qxf6 19.d4 Bd6 20.Rc2 Qh6 21.Qd3 g6 22.Nc3 Nf6
23.Nd2 Rc7 24.e4 dxe4 25.Ndxe4 Nxe4 26.Nxe4 Qf4 27.Nxd6 Qxd6 28.Qf3 Rce7
29.g3 Re1+ 30.Rxe1 Rxe1+ 31.Kg2 Re6 32.Rxc6 Qxc6 33.d5 Qd7 34.dxe6 fxe6 35.Qe4 Kf7
36.h4 h5 37.Qf4+ Kg7 38.Qe5+ Kf7 39.Qf4+ Kg7 40.Qe4 Kf7 41.a4 Kf6 42.Qf4+ Kg7
43.Qe5+ Kf7 44.Qf4+  1/2-1/2

[Event "56th TCh-BUL"]
[Site "Sunny Beach BUL"]
[Date "2006.10.09"]
[Round "5"]
[White "Dimitrov,Vl"]
[Black "Badev,K"]
[Result "1/2-1/2"]
[WhiteElo "2454"]
[BlackElo "2340"]

1.c4 c6 2.Nf3 d5 3.e3 e6 4.Nc3 Nf6 5.Qc2 Nbd7 6.b3 Bd6 7.Bb2 O-O 8.Be2 Re8
9.O-O dxc4 10.Bxc4 Nb6 11.Be2 e5 12.d3 Bf5 13.Nd2 Qe7 14.a3 Rad8 15.Nce4 Bb8
16.Rfd1 Nfd5 17.Ng3  1/2-1/2